Počítače - kľúč k profitu alebo cesta k bankrotu? 1.
Počítačová technika je dostupná i pre malé firmy, umožňuje používať nové koncepty riadenia s výraznou decentralizáciou. Hlavné faktory vplývajúce na rozvoj automatizácie a integrácie podnikov. Organizačné predpoklady automatizácie a integrácie podniku.
Salvato in:
| Autore principale: | |
|---|---|
| Natura: | Capitolo di libro |
| Lingua: | slovacco |
| Soggetti: | |
| Tags: |
Nessun Tag, puoi essere il primo ad aggiungerne!!
|
MARC
| LEADER | 00000naa a2200000 4500 | ||
|---|---|---|---|
| 001 | r009338 | ||
| 005 | 20220831084532.0 | ||
| 041 | 0 | |a slo | |
| 044 | |a [CS] | ||
| 245 | 1 | 0 | |a Počítače - kľúč k profitu alebo cesta k bankrotu? 1. |c Ján Košturiak |
| 520 | |a Počítačová technika je dostupná i pre malé firmy, umožňuje používať nové koncepty riadenia s výraznou decentralizáciou. Hlavné faktory vplývajúce na rozvoj automatizácie a integrácie podnikov. Organizačné predpoklady automatizácie a integrácie podniku. | ||
| 610 | 2 | 0 | |a vybavenosť technická |
| 610 | 2 | 0 | |a využitie počítačov |
| 610 | 2 | 0 | |a podnik malý |
| 610 | 2 | 0 | |a automatizácia |
| 610 | 2 | 0 | |a integrácia |
| 610 | 2 | 0 | |a riadenie podnikové |
| 610 | 2 | 0 | |a decentralizácia |
| 100 | 1 | |a Košturiak, Ján | |